000 00715nam a2200241Ii 4500
003 JO-AjNU
005 20240113145258.0
008 230605s9999||||xx |||||||||||||| ||und||
017 _a2012/3/1212
020 _a978-9957-516-13-0
040 _aJO-AjNU
_bara
_erda
_cJO-AjNU
041 _aara
050 1 4 _aTX148 2013
100 3 _aكيلاني ، سميرة داوودي ,
_eauthor
_950080
245 0 0 _aعندي فكرة مشكلتك بسيطة
264 3 1 _aاربد :دار المتنبي ،2013
300 _a280ص
336 _atext
_btxt
_2rdacontent
337 _aunmediated
_bn
_2rdamedia
338 _avolume
_bnc
_2rdacarrier
650 4 _aالادارة المنزلية
_950081
942 _2lcc
_cBK
999 _c25605
_d25605